Υπόμνημα εις την Ρουθ : (κείμενον - σύντομος ερμηνεία - σχόλια και πρακτικαί παρατηρήσεις)
Saved in:
| Main Author: | |
|---|---|
| Format: | Book |
| Language: | Greek |
| Published: |
Αθήναι :
Αδελφότης Θεολόγων "Ο Σωτήρ",
1961
|
| Subjects: | |
| Tags: |
Add Tag
No Tags, Be the first to tag this record!
|
MARC
| LEADER | 00000cam a2200000 i 4500 | ||
|---|---|---|---|
| 001 | 1/91004 | ||
| 008 | 080714s1961 gre d | ||
| 035 | |l 10098954 | ||
| 040 | |a GR-MY-UA |b gre |e aacr | ||
| 041 | 0 | |a gre | |
| 082 | 0 | |a 222.35 |2 (22) | |
| 100 | 1 | |a Τρεμπέλας, Παναγιώτης Ν., |d 1886-1977. | |
| 245 | 1 | 0 | |a Υπόμνημα εις την Ρουθ : |b (κείμενον - σύντομος ερμηνεία - σχόλια και πρακτικαί παρατηρήσεις) / |c Π.Ν. Τρεμπέλα |
| 260 | |a Αθήναι : |b Αδελφότης Θεολόγων "Ο Σωτήρ", |c 1961 | ||
| 300 | |a 94 σ.; |c 21 εκ. | ||
| 600 | 1 | 0 | |a Ruth |c (Biblical figure). |
| 630 | 0 | 0 | |a Bible. O.T. |x Ruth. |
| 852 | |a INST |b RHODES |c AKA |e 20080714 |h 222.35 ΤΡΕ |p 005400027720 |q 005400027720 |t BK |y 0 | ||
| 901 | |a BIBL4-2008-2 | ||
| 909 | |a Ρ |b 150832 | ||
| 970 | |a ΚΟΖΑ |b ΜΑΡΙΑ |z 2008/07/14 | ||